HUMAN PHYSIOLOGY VOL-I (Record no. 7489)

MARC details
000 -LEADER
fixed length control field 00437nam a22001817a 4500
005 - DATE AND TIME OF LATEST TRANSACTION
control field 20230118101840.0
008 - FIXED-LENGTH DATA ELEMENTS--GENERAL INFORMATION
fixed length control field 210301b ||||| |||| 00| 0 eng d
020 ## - INTERNATIONAL STANDARD BOOK NUMBER
ISBN 9789388902717
041 ## - LANGUAGE CODE
Language code of text/sound track or separate title eng
082 ## - DEWEY DECIMAL CLASSIFICATION NUMBER
Classification number 612 CHA-C
100 ## - MAIN ENTRY--AUTHOR NAME
Personal name CHATTERJEE
245 ## - TITLE STATEMENT
Title HUMAN PHYSIOLOGY VOL-I
250 ## - EDITION STATEMENT
Edition statement 13'TH
260 ## - PUBLICATION, DISTRIBUTION, ETC. (IMPRINT)
Place of publication NEW DELHI
Name of publisher CBS PUBLISHERS
Year of publication 2018
300 ## - PHYSICAL DESCRIPTION
Number of Pages 588, P.
650 ## - SUBJECT ADDED ENTRY--TOPICAL TERM
Topical Term PHARMACY
General subdivision D.PHARMA
942 ## - ADDED ENTRY ELEMENTS (KOHA)
Koha item type Books
Holdings
Lost status Damaged status Collection code Home library Current library Shelving location Date acquired Source of acquisition Cost, normal purchase price Full call number Accession Number Koha item type
    Reference JRU Library JRU Library SHELF-4-D 01/03/2021 PARCHES UNNATI PUBLICATION 1908/17-02-21 775.00 612 CHA-C 25683 Books
    PHARMACY JRU Library JRU Library SHELF-28-B 01/03/2021 PARCHES UNNATI PUBLICATION 1908/17-02-21 775.00 612 CHA-C 25684 Books
    PHARMACY JRU Library JRU Library SHELF-28-B 17/03/2021 PURCHES 775.00 612 CHA-C 25785 Books
    PHARMACY JRU Library JRU Library SHELF-28-B 17/03/2021 PURCHES 775.00 612 CHA-C 25786 Books
    PHARMACY JRU Library JRU Library SHELF-28-B 17/03/2021 PURCHES 775.00 612 CHA-C 25787 Books